Vybrané ukazovatele priemyselných organizácií - 12/2002

Na minha lista:
Detalhes bibliográficos
Formato: Livro
Idioma:eslovaco
inglês
Publicado em: Bratislava Štatistický úrad Slovenskej republiky 2003
Colecção:Energetika, priemysel a stavebníctvo
Assuntos:
Tags: Adicionar Tag
Sem tags, seja o primeiro a adicionar uma tag!

MARC

LEADER 00000nam a2200000 4500
001 c141650
005 20260223104941.4
041 0 |a slo 
041 0 |a eng 
044 |a SK 
245 1 0 |a Vybrané ukazovatele priemyselných organizácií - 12/2002 
264 1 |a Bratislava  |b Štatistický úrad Slovenskej republiky  |c 2003 
300 |a 77 s. 
490 1 |a Energetika, priemysel a stavebníctvo 
830 0 |a Energetika, priemysel a stavebníctvo 
610 2 0 |a Slovensko 
610 2 0 |a priemysel 
610 2 0 |a podnik priemyselný 
610 2 0 |a odvetvia priemyselné